¿Una economía moral internacional?: Elias, Polanyi y la legitimación de la ciudadanía social europea/
Guardado en:
| Hovedforfatter: | |
|---|---|
| Format: | Bog |
| Sprog: | Spanish |
| Tags: |
Tilføj Tag
Ingen Tags, Vær først til at tagge denne postø!
|
MARC
| LEADER | 00000nam a22000007a 4500 | ||
|---|---|---|---|
| 003 | cru CIDCACS/IIS | ||
| 005 | 20180215094339.0 | ||
| 007 | ta | ||
| 008 | 180215s1994 sp |||||r||||||0| ||spa|d | ||
| 999 | |c 40999 |d 40999 | ||
| 040 | |c cru CIDCACS/IIS | ||
| 100 | 1 | |9 6638 |a Noya Miranda, Fco. Javier | |
| 245 | 1 | 1 | |a ¿Una economía moral internacional?: |b Elias, Polanyi y la legitimación de la ciudadanía social europea/ |c Fco. Javier Noya Miranda |
| 300 | |a páginas 103-134: |b tablas, gráfico | ||
| 773 | 0 | |0 40983 |9 1797 |a Centro de Investigaciones Sociológicas (España) |d Madrid, España: CIS, |o 18463 |t REIS: |x 02105233 | |
| 942 | |2 ddc |c PP | ||
